| 000 | 01485nam a22002657a 4500 | ||
|---|---|---|---|
| 003 | KPN | ||
| 005 | 20250623160111.0 | ||
| 008 | 250526b 00| 0 eng d | ||
| 020 |
_cRM32.00 _qpaperback |
||
| 040 | _cKPN | ||
| 082 |
_223 _a808.882 HIJ 2023 |
||
| 090 |
_a808.882 HIJ 2023 _bHIJ |
||
| 100 |
_aHijanah _eauthor |
||
| 245 |
_aLetters from My Heart III: "I Am Leaving. No More Drama" _cHijanah Hazalif; Editor Syakirah Taupik |
||
| 260 |
_a[Malaysia] _bHijanah Haul Holdings Sdn Bhd _c2023 |
||
| 300 |
_a199 pages, 2 unnumbered pages _billustrations _c19 cm |
||
| 500 | _aThis book is specifically and specially written for every heart that yearns to be heard, to be understood and to be cared for. I personally created this book for everyone to know that even if I may not know you personally, I always have a special heart for everyone that continues to support my journey, praying for me and followed me throughout my journey as a sister, mother, wife and most importantly a friend. I hope that from reading this book, you will find solace and peace. I would also pray that whatever troubles or burdens you will be lifted and that you will finally heal. To all my readers, This is for you. | ||
| 500 | _aContains verses from the Qur'an | ||
| 650 | _2Quotations | ||
| 650 |
_2Motivation (Psychology) _vQuotations, maxims, etc. |
||
| 650 |
_2Conduct of life _vQuotations, maxims, etc. |
||
| 700 |
_aHazalif _eauthor |
||
| 700 |
_aSyakirah Taupik _eeditor |
||
| 942 |
_2ddc _c1 _n0 |
||
| 999 |
_c1607 _d1607 |
||